00385 a2200109 4500001001000000005001700010008004100027245004000068100002100108773012900129999001700258ART_2314420260410161929.0260409a 10aEconometría ¿Alquimia o ciencia?1 aHendry, David F.0 tRevista de la Facultad de Ciencias Económicas de la Universidad de Cuyog- Año XXXIII, Nº 84 (jul./dic. 1981)wREV22981 c28414d28414